000 00341nam a2200133Ia 4500
005 20260328101514.0
008 260328s9999||||xx |||||||||||||| ||und||
100 _aConrads, Ulrich
245 0 _aNeue deutsche architektur 2 /
_cUlrich Conrads
260 _bHatje Stuttgart
300 _a231 p.
650 _aARQUITECTURA REGIONAL
942 _cBK
999 _c9299
_d9299